Die wirtschaftliche Entwicklung des Warrantverkehrs in Europa und Amerika
Na minha lista:
| Formato: | Livro |
|---|---|
| Idioma: | alemão |
| Publicado em: |
Berlin
Heymann
1908
|
| Tags: |
Sem tags, seja o primeiro a adicionar uma tag!
|
MARC
| LEADER | 00000nam a2200000 4500 | ||
|---|---|---|---|
| 001 | 0307047 | ||
| 005 | 20250217101120.7 | ||
| 041 | 0 | |a ger | |
| 044 | |a DE | ||
| 245 | 1 | 0 | |a Die wirtschaftliche Entwicklung des Warrantverkehrs in Europa und Amerika |c Otto Christian Fischer |
| 264 | 1 | |a Berlin |b Heymann |c 1908 | |